Khomeini's Iran: An Islamic Perspective

Bibliographic Details
Main Author: Kaukab Siddique,Dr
Format: Book
Language:English
Published: Singapore : Thinkers Library , 1986
Subjects:

MARC

LEADER 00000cam a2200000 7i4500
001 0000098329
005 20120921.0
008 100526 eng
020 |a 9971957493 
090 0 0 |a 295.054 SID 
100 1 |a Kaukab Siddique,Dr 
245 1 0 |a Khomeini's Iran: An Islamic Perspective   |c Dr,Kaukab Siddique 
260 |a Singapore :   |b Thinkers Library ,   |c 1986 
300 |a 82p ;   |c 20cm. 
650 0 0 |a Knowledge 
999 |a 0000139136   |b Buku   |c Rak Terbuka   |e Perpustakaan Cawangan Masjid Tanah 
999 |a 0000139420   |b Buku   |c Rak Terbuka   |e Perpustakaan Cawangan Masjid Tanah 
999 |a 0000324996   |b Buku   |c Rak Terbuka   |e Perpustakaan Cawangan Jasin